000 00471nam a22001937a 4500
003 LK-CoDNM
005 20250109092429.0
008 250102b |||||||| |||| 00| 0 eng d
040 _aLK-CoDNM
_dLK-CoDNM
_eLK-CoDNM
041 _aeng
080 _a4
_bT9
100 _aGriscom, Ludlow
245 _aModern bird study
260 _c1947
_aCambridge
_bHarvard university press
300 _b190p. : map ; 24 cm
650 _aScience
650 _a1947
942 _cBK
999 _c235548
_d235548